000 01645nam a2200337 a 4500
001 84494
003 BD-RjUL
005 20241209161323.0
008 021224s2024 bg a s o000 0|eng||
020 _a9789844752511
_c1000.00 BDT
035 _a(BD-RjUL) 84494
040 _aDLC
_cDLC
_dDLC
_dBD-RjUL
_beng
041 0 _aengben
082 _223
_a304.6095492
_bBAR 2024
110 _aBangladesh Bureau of Statistics.
_9179266
245 1 0 _aজনশুমারি ও গৃহগণনা ২০২২ = Population and Housing Census 2022 :
_bজেলা রিপোর্ট : বরিশাল = District Report : Barishal /
_cBangladesh Bureau of Statistics, Statistics and Informatics Division, Ministry of Planning, Govt. of the People's Republic of Bangladesh.
246 _aজনশুমারি ও গৃহগণনা ২০২২ :
_bজেলা রিপোর্ট : বরিশাল
246 _a Population and Housing Census 2022 :
_bDistrict Report : Barishal
264 _aDhaka :
_bBangladesh Bureau of Statistics,
_c2024
300 _axxxvi, 438 pages :
_billustrations, (color) ;
_c28 cm.
336 _atext
_b txt
_2rdacontent
337 _aunmediated
_bn
_2rdamedia
338 _avolume
_bnc
_2rdacarrier
490 _aDistrict Report : Barishal
500 _aPrefatory matter in Bengali and English.
650 _aHousing
_zBangladesh
_xStatistics.
_914521
651 _aBangladesh
_xPopulation
_xStatistics.
_93381
651 _aBangladesh
_xCensus, 2024
_914520
710 _aMinistry of Planning
_b Statistics and Informatics Division Bangladesh ; Bureau of Statistics
_914516
942 _2ddc
_cRAR
999 _c84494
_d84494